| 000 | 00691nam a2200205 a 4500 | ||
|---|---|---|---|
| 003 | 0 | ||
| 005 | 20250618110040.0 | ||
| 008 | 021120s19uu xx 00 eng d | ||
| 050 |
_aPGS HV 5770.P5 _b.Ab166 2000 |
||
| 100 | _aAbundo, Dandy S. | ||
| 245 |
_aThe profile of Filipino smoker / _cDandy S. Abundo. |
||
| 260 |
_aLas PiƱas City, Philippines : _bSouthville International School and Colleges, _c2000. |
||
| 300 |
_a28 pages : _bcolored illustrations ; _c28 cm. |
||
| 504 | _aIncludes bibliographical references. | ||
| 650 | _aSmoking. | ||
| 650 |
_aSmokers _vSocial conditions. |
||
| 650 |
_aSmoking _vPsychological aspects. |
||
| 650 |
_aSmoking _vPrevention. |
||
| 942 |
_2lcc _cPASS |
||
| 999 |
_c96301 _d96301 |
||